Największe miasta, które nigdy nie zanotowały temperatury poniżej zera - Statystyki

Ogólne statystyki
  • Ten quiz został rozwiązany 1 277 razy
  • Średni wynik to 7 z 17
Statystyki odpowiedzi
Ludność
°C
Miasto % Poprawnych
22,8 mln 1,2 Kair
82%
13,6 mln 10,1 Rio de Janeiro
68%
29,5 mln 18,9 Dżakarta
62%
21,3 mln 13,7 Lagos
55%
21,8 mln 9,9 Bangkok
53%
16,3 mln 10 Kinszasa
50%
27,8 mln 14,5 Manila
46%
27,6 mln 11,7 Mumbaj
46%
17,9 mln 6,7 Kalkuta
40%
12 mln 8 Lima
35%
23,1 mln 5,6 Dhaka
34%
14,3 mln 13,8 Ho Chi Minh
26%
21 mln 0 Karaczi
26%
12,9 mln 13,9 Ćennaj
18%
14,7 mln 7,8 Bengaluru
12%
11,7 mln 6,1 Hajdarabad
10%
15,4 mln 0,1 Xiamen
5%
Nie znaleziono quizów pasujących do podanych kryteriów
Rozkład punktacji
Procent ludzi z każdym wynikiem
Percentyl według liczby udzielonych odpowiedzi
Twoja historia wyników
Nie rozwiązałeś tego quizu